|
|
|
|
| LEADER |
01240nam a2200325 a 4500 |
| 001 |
16445757 |
| 008 |
120115r2009 cc a 001 0 eng d |
| 010 |
|
|
|a 2010483377
|
| 020 |
|
|
|a 9780596153939 (pbk.)
|
| 020 |
|
|
|a 0596153937 (pbk.)
|
| 020 |
|
|
|a 8184047991
|
| 020 |
|
|
|a 9788184047998
|
| 040 |
|
|
|a NjBwBT
|c JFN
|d JFN
|d CDX
|d OCLCQ
|d DLC
|d BD-DhAAL
|
| 082 |
0 |
4 |
|a 005.74
|2 22
|
| 100 |
1 |
|
|a Milton, Michael,
|d 1978-
|
| 245 |
1 |
0 |
|a Head first data analysis /
|c Michael Milton.
|
| 250 |
|
|
|a 1st ed.
|
| 260 |
|
|
|a Beijing ;
|a Sebastopol, CA :
|b O'Reilly ;
|a New Delhi :
|b Shroff Publishers and Distributors,
|c c2009.[First Indian Reprinted]
|
| 300 |
|
|
|a xxxviii, 445 p. :
|b ill. ;
|c 24 cm.
|
| 490 |
1 |
|
|a Head first series
|
| 500 |
|
|
|a Includes index.
|
| 500 |
|
|
|a "A brain-friendly guide"--P. [1] of cover.
|
| 541 |
1 |
|
|e 00024208
|
| 650 |
|
0 |
|a Data mining.
|
| 650 |
|
0 |
|a Knowledge management.
|
| 650 |
|
0 |
|a Business
|x Data processing.
|
| 830 |
|
0 |
|a Head first series.
|
| 852 |
1 |
|
|a Ayesha Abed Library
|j General shelf
|
| 999 |
|
|
|c 11770
|d 11770
|
| 952 |
|
|
|0 0
|1 0
|4 0
|6 005_740000000000000_MIL
|7 0
|9 19165
|a BRACUL
|b BRACUL
|c GEN
|d 2012-01-15
|e Karim International
|g 825.00
|l 13
|m 148
|o 005.74 MIL
|p 3010024208
|q 2026-05-20
|r 2026-03-03
|s 2026-03-03
|t 1
|w 2012-01-15
|y BK
|